000 00644nam a2200265Ia 4500
003 OSt
005 20220912151443.0
006 a|||||r|||| 00| 0
007 ta
008 220909b |||||||| |||| 00| 0 eng d
024 _a55847
037 _cTextual
040 _aCSL
_beng
_cCSL
041 _aeng
082 _aL, M3
100 _aPark J E
245 0 _aTextbook of preventive and social medicine
250 _a9
260 _aJabalpur
_bBanarsidas Bhanot
_c1983
300 _a616p.
_ccm.
650 _aMedicine
700 _a Park K
942 _hL, M3
_cTEXL
_2CC
999 _c68999
_d68999